000 00537nam a22002057a 4500
003 OSt
005 20180208133246.0
008 150615b xxu||||| |||| 00| 0 eng d
020 _a978817374250
040 _cDDC
082 _222nd ed.
_a658.4 SIN 2009
100 _aSingh, S. P.
_95312
245 _aCorporate strategy
250 _a2nd ed.
260 _aDelhi;
_bA.I.T.B.S Publishers
_c2009
300 _ax,502p;
_bill:
_c24cm
504 _aReferences, & index included
650 _aStrategic management
_94648
942 _2z
_cO_SHELF
999 _c2049
_d2049